Introduction à la science politique (notice n° 2198380)

détails MARC
000 -LEADER
fixed length control field 01406cam a2200157 4500500
005 - DATE AND TIME OF LATEST TRANSACTION
control field 20260405085536.0
041 ## - LANGUAGE CODE
Language code of text/sound track or separate title fre
042 ## - AUTHENTICATION CODE
Authentication code dc
100 10 - MAIN ENTRY--PERSONAL NAME
Personal name Crettiez, Xavier
Relator term author
245 00 - TITLE STATEMENT
Title Introduction à la science politique
260 ## - PUBLICATION, DISTRIBUTION, ETC.
Name of publisher, distributor, etc. Armand Colin,<br/>
Date of publication, distribution, etc. 2024.<br/>
520 ## - SUMMARY, ETC.
Summary, etc. L’organisation de l’État, la compétition électorale, l’action publique et son évaluation, les idéologies, les formes nouvelles et traditionnelles d’action collective… Ce manuel couvre de manière exhaustive les grands thèmes de la science politique et analyse leurs évolutions contemporaines. Son exigence pédagogique et la clarté de l’exposition du savoir en font un outil particulièrement adapté à l’élève ou l’étudiant soucieux de réussir ses examens mais aussi de s’ouvrir à la compréhension de l’univers politique contemporain. À la fin de chaque chapitre, des Entraînements entièrement corrigés permettent de s’exercer et tester ses connaissances. Rédigé par trois professeurs de science politique de l’Université de Versailles-Saint-Quentin et de Sciences-Po Saint-Germain-en-Laye, ce manuel constitue une excellente entrée dans la discipline.
700 10 - ADDED ENTRY--PERSONAL NAME
Personal name Hassenteufel, Patrick
Relator term author
700 10 - ADDED ENTRY--PERSONAL NAME
Personal name de Maillard, Jacques
Relator term author
856 41 - ELECTRONIC LOCATION AND ACCESS
Uniform Resource Identifier <a href="https://shs.cairn.info/introduction-a-la-science-politique--9782200636289?lang=fr&redirect-ssocas=7080">https://shs.cairn.info/introduction-a-la-science-politique--9782200636289?lang=fr&redirect-ssocas=7080</a>

Pas d'exemplaire disponible.

PLUDOC

PLUDOC est la plateforme unique et centralisée de gestion des bibliothèques physiques et numériques de Guinée administré par le CEDUST. Elle est la plus grande base de données de ressources documentaires pour les Étudiants, Enseignants chercheurs et Chercheurs de Guinée.

Adresse

627 919 101/664 919 101

25 boulevard du commerce
Kaloum, Conakry, Guinée

Réseaux sociaux

Powered by Netsen Group @ 2025